书目信息 |
| 题名: |
中文Visual FoxPro 6.0实用基础教程
|
|
| 作者: | 肖金秀 , 陈少涌 编著 | |
| 分册: | ||
| 出版信息: | 北京 地震出版社 2002.08 |
|
| 页数: | 178页 | |
| 开本: | 26cm | |
| 丛书名: | ||
| 单 册: | ||
| 中图分类: | TP311.138 | |
| 科图分类: | ||
| 主题词: | 软件 | |
| 电子资源: | ||
| ISBN: | 7-5028-2114-7 | |
| 000 | 00663nam0 2200205 45 | |
| 001 | 0439836813 | |
| 005 | 2004052011035682 | |
| 010 | @a7-5028-2114-7@dCNY 20.00 | |
| 100 | @a20040520d2002 km y0chiy0120 ea | |
| 101 | 0 | @achi |
| 102 | @aCN@b110000 | |
| 200 | 1 | @a中文Visual FoxPro 6.0实用基础教程@Azhong wen Visual FoxPro 6.0 shi yong ji chu jiao cheng@f肖金秀,陈少涌编著@Fxiao jin xiu,chen shao yong bian zhu |
| 210 | @a北京@c地震出版社@d2002.08 | |
| 215 | @a178页@d26cm | |
| 606 | 0 | @a软件 |
| 690 | 1 | @aTP311.138@v4 |
| 701 | 0 | @a肖金秀@Axiao jin xiu@4编著 |
| 701 | 0 | @a陈少涌@Achen shao yong@4编著 |
| 801 | 0 | @aCN@bPFT@c20040520 |
| 905 | @a10447@dTP311.138@eX291 | |
| 中文Visual FoxPro 6.0实用基础教程/肖金秀,陈少涌编著.-北京:地震出版社,2002.08 |
| 178页;26cm |
| ISBN 7-5028-2114-7:CNY 20.00 |
| ● |
| 相关链接 |
|
|
|
正题名:中文Visual FoxPro 6.0实用基础教程
索取号:TP311.138/X291
 
预约/预借
| 序号 | 登录号 | 条形码 | 馆藏地/架位号 | 状态 | 备注 |
| 1 | 376363 | 203763631 | 期刊室512/301自科库 41排7列5层/ [索取号:TP311.138/X291] | 在馆 | |
| 2 | 376364 | 203763640 | 期刊室512/301自科库 41排7列5层/ [索取号:TP311.138/X291] | 在馆 |